LEADER 03177oam 2200637 c 450 001 9910563201003321 005 20250513224754.0 024 7 $a10.3726/b13660 035 $a(CKB)5450000000173960 035 $a(oapen)https://directory.doabooks.org/handle/20.500.12854/34414 035 $a(PH02)9783631751077 035 $a(oapen)doab34414 035 $a(EXLCZ)995450000000173960 100 $a20240525h20181991 uy 0 101 0 $ager 135 $aurnnunnnannuu 181 $ctxt$2rdacontent 182 $cc$2rdamedia 183 $acr$2rdacarrier 200 00$aTelekommunikation als Standortfaktor für Klein- und Mittelbetriebe$eTelekommunikative Entwicklungstendenzen und regionale Wirtschaftspolitik am Beispiel Hessen$fBert Rürup, Stephan Russ 205 $a1st, New ed. 210 $aFrankfurt a.M$cPH02$d2018 210 $d2018, c1991 215 $a1 online resource (327 p.)$c, EPDF 225 0 $aSozialo?konomische Schriften$v4 300 $aPeter Lang GmbH, Internationaler Verlag der Wissenschaften 311 08$a3-631-75107-9 327 $aAus dem Inhalt: Entwicklungstendenzen und Effekte der neuen telekommunikativen Techniken - Telekommunikationsfo?rderung aus der Perspektive der regionalen Wirtschaftspolitik - Einzelbetriebliche Untersuchung des Einflusses der Telematik auf die Standortentscheidung von Klein- und Mittelbetrieben und Beurteilung der Telekommunikationsfo?rderung als regionalpolitisches Steuerungsinstrument. 330 $aDie neuen Informations- und Kommunikationstechniken entwickeln sich zunehmend zu einem «Zukunftsmarkt Telekommunikation», der zwangsla?ufig wirtschaftliche, ra?umliche, gesellschaftliche und soziale Umstrukturierungen zur Folge haben wird. Vor diesem Hintergrund werden Fragen nach der Bedeutung telekommunikativer Infrastruktur als Faktoren analysiert, die eine unternehmerische Standortwahl entscheiden. Die Analyse und Interpretation der durchgefu?hrten prima?r empirischen Erhebung bildet die Grundlage fu?r die Zusammenfu?hrung und Bewertung der empirischen und politischen Befunde. Abschluß der Arbeit stellt ein umfassender regionalpolitischer Handlungskatalog dar. 517 $aTelekommunikation als Standortfaktor fuer Klein- und Mittelbetriebe 606 $aCommunication studies$2bicssc 606 $aEconomic systems & structures$2bicssc 606 $aResearch & development management$2bicssc 610 $aBeispiel 610 $aEntwicklungstendenzen 610 $aHessen 610 $aKlein 610 $aMittelbetriebe 610 $aregionale 610 $aRuss 610 $aStandortfaktor 610 $aTelekommunikation 610 $aTelekommunikative 610 $aWirtschaftspolitik 615 7$aCommunication studies 615 7$aEconomic systems & structures 615 7$aResearch & development management 700 $aRuss$b Stephan$4auth$01324856 702 $aRu?rup$b Bert$4edt 702 $aRuss$b Stephan$4aut 801 0$bPH02 801 1$bPH02 906 $aBOOK 912 $a9910563201003321 996 $aTelekommunikation als Standortfaktor fu?r Klein- und Mittelbetriebe$94174360 997 $aUNINA